000 00291nam a22001217a 4500
008 171227b xxu||||| |||| 00| 0 eng d
041 _aeng
080 _27 ED
_a004
100 _a34
101 _aSHK
245 _aGUIDE TO MAINGING AND MAINTAINING YOUR PC
_cJEAN.A
942 _2udc
_cBK
999 _c39444
_d39444